000 00514nam a2200181Ia 4500
999 _c21478
_d21478
003 OSt
005 20200626145214.0
008 190216s9999||||xx |||||||||||||| ||und||
020 _a9780198071273
040 _coclc
082 _a954.82
_bNAG/M
100 _aNagaswamy, R
_93285
245 0 _aMahabalipuram (mamallapuram) /
_cR Nagaswamy
260 _bOxford University Press,
_c2011.
_aNew Delhi:
300 _a94p
650 _aHistory
942 _cBK
_2ddc
_h954.82
_iNAG/M
_k954.82
_mNAG/M